[Event "Tourn. n9384"]
[Site "www.chess-mail.com"]
[Date "2017.05.20"]
[Round "1"]
[White "Bojan"]
[Black "Guidom"]
[WhiteElo "2010"]
[BlackElo "2090"]
[Result "0-1"]
[Round "1"]
1.e4 e5
2.Ng1f3 Nb8c6
3.c3 d6
4.Qd1b3 h6
5.h3 Ng8f6
6.d3 Bf8e7
7.Bc1e3 Nc6a5
8.Qb3b5 c6
9.Qb5a4 b5
10.Qa4d1 Bc8e6
11.b4 Na5b7
12.a4 a6
13.axb5 axb5
14.Nb1d2 O-O
15.Bf1e2 Qd8c7
16.Nf3h4 d5
17.Nh4f5 Be6xf5
18.exf5 e4
19.f3 exf3
20.Be2xf3 Be7d6
21.g4 Bd6g3
22.Be3f2 Qc7f4
23.Ra1xa8 Rf8xa8
24.Ke2 Ra8e8
25.Kf1 Bg3xf2
26.Kxf2 Qf4e3
27.Kg2 Qe3xd3
28.Qd1c1 Re8e3
29.Rh1f1 Nf6e4
30.Nd2xe4 dxe4
31.Bf3d1 Re3xh3
32.Rf1f2 Qd3g3
33.Kf1 Rh3h1
34.Ke2 Qg3d3
{ resign }
0-1

[Event "Tourn. n9346"]
[Site "www.chess-mail.com"]
[Date "2017.05.20"]
[Round "1"]
[White "Quaff"]
[Black "Azulmarino"]
[WhiteElo "1539"]
[BlackElo "1570"]
[Result "1-0"]
[Round "1"]
1.e4 d5
2.exd5 Qd8xd5
3.Nb1c3 Qd5c5
4.d3 e5
5.Bc1e3 Qc5b4
6.a3 Qb4xb2
7.Nc3d5 Bf8d6
8.Ng1f3 Bc8g4
9.Bf1e2 Ng8e7
10.Nd5xe7 Bd6xe7
11.h3 Bg4xf3
12.Be2xf3 Qb2c3
13.Be3d2 Qc3d4
14.Bf3xb7 Be7c5
15.O-O Nb8d7
16.Bb7xa8 O-O
17.Ba8f3 Nd7f6
18.Bd2e3 Qd4d6
19.Be3xc5 Qd6xc5
20.Qd1d2 Rf8d8
21.a4 e4
22.Bf3e2 exd3
23.Be2xd3 Nf6e4
24.Qd2e3 Qc5xe3
25.fxe3 Ne4g3
26.Rf1f3 Ng3h5
27.Bd3c4 Nh5f6
28.e4 Rd8d2
29.Bc4b3 Nf6xe4
30.Rf3xf7 h6
31.Rf7e7 Kf8
32.Re7xe4 Rd2d7
33.Ra1f1 { resign }
1-0

[Event "Tourn. n9318"]
[Site "www.chess-mail.com"]
[Date "2017.05.20"]
[Round "1"]
[White "Iko"]
[Black "Ditto"]
[WhiteElo "1700"]
[BlackElo "1670"]
[Result "0-1"]
[Round "1"]
1.e4 e5
2.Ng1f3 Nb8c6
3.Bf1b5 Bf8c5
4.Bb5xc6 bxc6
5.Nf3xe5 Ng8f6
6.d3 O-O
7.Bc1g5 Bc5d4
8.Bg5xf6 Qd8xf6
9.Ne5g4 Qf6h4
10.g3 Qh4h3
11.c3 Bd4b6
12.Qd1f3 d6
13.Ng4e3 Bb6xe3
14.Qf3xe3 Qh3g2
15.Ke2 Qg2xh1
16.h4 Bc8g4
17.f3 Bg4d7
 { time }
0-1

[Event "Tourn. n9293"]
[Site "www.chess-mail.com"]
[Date "2017.05.20"]
[Round "1"]
[White "Fabos12"]
[Black "Sorento"]
[WhiteElo "1870"]
[BlackElo "1849"]
[Result "0-1"]
[Round "1"]
1.d4 Ng8f6
2.c4 g6
3.Nb1c3 d5
4.cxd5 Nf6xd5
5.Ng1f3 Bf8g7
6.e4 Nd5xc3
7.bxc3 c5
8.Bc1e3 cxd4
9.cxd4 O-O
10.Bf1d3 Nb8c6
11.Bd3e2 Bc8g4
12.Ra1c1 Qd8a5
13.Qd1d2 Qa5xd2
14.Kxd2 Bg4xf3
15.gxf3 Nc6xd4
16.Be3xd4 Bg7xd4
17.Rc1c7 Rf8d8
18.Be2d3 e6
19.Rh1b1 b6
20.Ke2 Bd4e5
21.Rc7c1 Be5xh2
22.Ke3 g5
23.Ke2 Bh2f4
24.Rc1c2 h5
25.a4 Kg7
26.Bd3b5 h4
27.Rb1h1 Ra8c8
28.Rc2xc8 Rd8xc8
29.Rh1d1 h3
30.Kf1 Rc8c3
31.Bb5e2 Rc3a3
32.Rd1d4 Ra3a2
33.Be2d1 h2
34.Kg2 Ra2xf2
35.Kxf2 h1Q
36.Rd4d7 a5
37.Bd1b3 Qh1h2
38.Ke1 Qh2g1
{ resign }
0-1

[Event "Match"]
[Site "www.echecsemail.com"]
[Date "2017.05.20"]
[Round "1"]
[White "Guidom"]
[Black "Motorhead99"]
[WhiteElo "2090"]
[BlackElo "1770"]
[Result "1-0"]
[Round "1"]
1.e4 d6
2.d4 Ng8f6
3.Nb1c3 Nb8d7
4.Bc1g5 e5
5.d5 Bf8e7
6.Ng1f3 c6
7.dxc6 bxc6
8.Bf1c4 Qd8c7
9.O-O a5
10.a3 Bc8a6
11.Bc4xa6 Ra8xa6
12.Qd1d3 Ra6a8
13.Ra1d1 a4
14.Nc3e2 Nd7f8
15.Bg5xf6 Be7xf6
16.Qd3xd6 Qc7xd6
17.Rd1xd6 { resign }
1-0

[Event "Match"]
[Site "www.echecsemail.com"]
[Date "2017.05.20"]
[Round "1"]
[White "Motorhead99"]
[Black "Fangshuo"]
[WhiteElo "1810"]
[BlackElo "2080"]
[Result "0-1"]
[Round "1"]
1.d4 d5
2.e3 c5
3.c3 c4
4.f4 Ng8f6
5.Nb1d2 Nf6g4
6.Qd1f3 f5
7.h3 Ng4f6
8.b3 Qd8a5
9.Ng1e2 cxb3
10.Nd2xb3 Qa5c7
11.Bc1b2 Nf6e4
12.Ra1c1 e6
13.g4 a5
14.gxf5 exf5
15.a3 a4
16.Nb3d2 Ne4xd2
17.Kxd2 Bc8e6
18.h4 Qc7b6
19.Kc2 Qb6b3
20.Kb1 Bf8xa3
{ resign }
0-1

[Event "Match"]
[Site "www.echecsemail.com"]
[Date "2017.05.20"]
[Round "1"]
[White "Billyg"]
[Black "Azocarwagner"]
[WhiteElo "1650"]
[BlackElo "1299"]
[Result "1-0"]
[Round "1"]
1.e4 e5
2.Ng1f3 Nb8c6
3.d4 exd4
4.Nf3xd4 Bf8c5
5.Bc1e3 Ng8f6
6.Nd4xc6 bxc6
7.Be3xc5 d6
8.Bc5b4 O-O
9.Bf1d3 c5
10.Bb4a5 Rf8e8
11.Nb1c3 d5
12.O-O dxe4
13.Bd3e2 Qd8e7
14.Qd1e1 c6
15.Ra1d1 Bc8f5
16.Rd1d2 Ra8b8
17.b3 Qe7e5
18.Nc3a4 c4
19.Be2xc4 Nf6g4
20.g3 Bf5e6
21.Bc4xe6 Re8xe6
22.Qe1e2 Re6g6
23.f3 Ng4h6
24.Qe2xe4 Qe5xa5
25.Rf1d1 Rg6e6
26.Qe4h4 Nh6f5
27.Rd2d8 Rb8xd8
28.Rd1xd8 { resign }
1-0

[Event "Match"]
[Site "www.echecsemail.com"]
[Date "2017.05.20"]
[Round "1"]
[White "Whitekknight"]
[Black "Motorhead99"]
[WhiteElo "2000"]
[BlackElo "1770"]
[Result "1-0"]
[Round "1"]
1.d4 d5
2.e4 dxe4
3.Nb1c3 Ng8f6
4.f3 exf3
5.Qd1xf3 Nb8c6
6.Bc1e3 Bc8g4
7.Qf3f2 Nf6d5
8.Nc3xd5 Qd8xd5
9.Bf1e2 Bg4xe2
10.Ng1xe2 O-O-O
11.Ne2c3 Qd5h5
12.Nc3e2 f6
13.O-O-O Nc6b4
14.Kb1 Nb4d5
15.Be3c1 e6
16.Ne2g3 Qh5f7
17.Ng3e4 h6
18.Rh1f1 Bf8d6
19.Ne4xd6 Rd8xd6
20.a3 a5
21.Qf2e2 Qf7d7
22.Rf1e1 b5
23.Bc1d2 b4
24.axb4 axb4
25.Qe2c4 Rd6c6
26.Qc4a2 Kd8
27.Qa2a8 Qd7c8
28.Qa8xc6 { resign }
1-0

[Event "Match"]
[Site "www.echecsemail.com"]
[Date "2017.05.20"]
[Round "1"]
[White "Motorhead99"]
[Black "Claymil"]
[WhiteElo "1770"]
[BlackElo "2060"]
[Result "0-1"]
[Round "1"]
1.d4 d5
2.e3 e6
3.Bf1d3 g6
4.c3 Bf8g7
5.Nb1d2 Ng8e7
6.f4 O-O
7.Ng1f3 b6
8.O-O Bc8b7
9.g4 Nb8d7
10.Qd1e1 c5
11.Nf3e5 c4
12.Bd3c2 b5
13.Rf1f3 Nd7b6
14.Rf3h3 a5
15.Qe1h4 h6
16.Nd2f3 f6
17.Ne5xg6 Ne7xg6
18.Bc2xg6 Bb7c6
19.g5 Bc6e8
20.Bg6xe8 fxg5
21.fxg5 Rf8xe8
22.gxh6 Qd8xh4
23.Rh3xh4 Bg7f6
24.h7 Kh8
25.Rh4h5 Ra8a7
26.Nf3e5 Ra7xh7
27.Ne5f7 Kg7
28.Rh5xh7 Kxh7
29.Nf7d6 Re8g8
30.Kh1 b4
31.Bc1d2 e5
32.dxe5 Bf6xe5
33.Nd6f5 Rg8f8
34.Nf5d4 Rf8f2
{ resign }
0-1

[Event "Match"]
[Site "www.echecsemail.com"]
[Date "2017.05.20"]
[Round "1"]
[White "Add"]
[Black "Cjood"]
[WhiteElo "2230"]
[BlackElo "1970"]
[Result "1-0"]
[Round "1"]
1.e4 Ng8f6
2.e5 Nf6d5
3.Nb1c3 Nd5xc3
4.bxc3 d6
5.exd6 exd6
6.h3 Qd8e7
7.Bf1e2 b6
8.Ng1f3 Bc8a6
9.d3 g6
10.O-O Bf8g7
11.Bc1b2 O-O
12.Rf1e1 Qe7f6
13.d4 Ba6xe2
14.Re1xe2 Nb8c6
15.Ra1b1 Ra8e8
16.Qd1d3 Re8xe2
17.Qd3xe2 Nc6e7
18.c4 d5
19.c5 bxc5
20.dxc5 Qf6e6
21.Qe2xe6 fxe6
22.Bb2xg7 Kxg7
23.Rb1b7 Rf8c8
24.Rb7xa7 Ne7c6
25.Ra7a6 Nc6b4
26.Ra6xe6 Nb4xa2
27.Re6e5 c6
28.Nf3d4 Na2b4
29.Re5e6 Rc8a8
30.c3 Nb4d3
31.Re6xc6 Ra8a1
32.Kh2 Nd3xf2
33.Rc6d6 Ra1h1
34.Kg3 Nf2e4
35.Kg4 Ne4xd6
36.cxd6 Rh1a1
37.d7 Ra1a8
38.Nd4e6 Kf7
39.d8Q Ra8xd8
40.Ne6xd8 Ke7
41.Nd8c6 Kd6
42.Nc6d4 Kc5
43.Kg5 { resign }
1-0

[Event "Match"]
[Site "www.echecsemail.com"]
[Date "2017.05.20"]
[Round "1"]
[White "Josefin"]
[Black "Bjonil60"]
[WhiteElo "1349"]
[BlackElo "1410"]
[Result "0-1"]
[Round "1"]
1.Ng1f3 Nb8c6
2.e4 e5
3.c3 Qd8e7
4.d4 a6
5.a4 b6
6.Bf1c4 Ng8f6
7.Qd1d3 Bc8b7
8.Nf3xe5 Nc6xe5
 { time }
0-1

[Event "Match"]
[Site "www.echecsemail.com"]
[Date "2017.05.20"]
[Round "1"]
[White "Ketchuplover"]
[Black "Krystek23"]
[WhiteElo "1790"]
[BlackElo "2350"]
[Result "0-1"]
[Round "1"]
1.e4 c5
2.Ng1f3 e6
3.d4 cxd4
4.Nf3xd4 Nb8c6
5.Nb1c3 Qd8c7
6.Bc1e3 Ng8f6
7.Nd4b5 Qc7b8
8.Bf1c4 a6
9.Nb5d4 b5
10.Bc4d3 Nc6e5
11.O-O Bc8b7
12.h3 Bf8e7
13.f4 Ne5xd3
14.cxd3 O-O
15.g4 d6
16.g5 Nf6d7
17.h4 g6
18.h5 e5
19.Nd4e2 Qb8d8
20.Ne2g3 exf4
21.Be3xf4 Be7xg5
22.Bf4xd6 Qd8b6
{ resign }
0-1

[Event "Match"]
[Site "www.echecsemail.com"]
[Date "2017.05.20"]
[Round "1"]
[White "Nimzo"]
[Black "Aperturaf"]
[WhiteElo "2690"]
[BlackElo "2550"]
[Result "1-0"]
[Round "1"]
1.d4 e6
2.c4 d5
3.Ng1f3 Ng8f6
4.g3 Bf8b4
5.Bc1d2 Bb4e7
6.Bf1g2 c6
7.O-O O-O
8.Qd1c2 b6
9.Rf1d1 Bc8a6
10.b3 Nb8d7
11.a4 c5
12.a5 Qd8c8
13.cxd5 Nf6xd5
14.Nb1c3 Nd5b4
15.Qc2b2 Rf8d8
16.Bd2g5 f6
17.Bg5f4 Ba6b7
18.Ra1c1 Bb7c6
19.e4 Nd7f8
20.Qb2e2 Bc6b7
21.d5 exd5
22.Nc3xd5 Nb4xd5
23.exd5 Nf8g6
24.Nf3d4 Ng6xf4
25.gxf4 Be7d6
26.Rc1c3 Bb7a6
27.Qe2c2 Rd8e8
28.Nd4e6 Re8e7
29.Rc3h3 g6
30.Bg2e4 Qc8e8
31.Kh1 Ba6c8
32.f5 { resign }
1-0

[Event "1/16 Finale"]
[Site "www.chess-mail.com"]
[Date "2017.05.20"]
[Round "1"]
[White "Asoka"]
[Black "Stepanpech"]
[WhiteElo "2720"]
[BlackElo "2300"]
[Result "1/2-1/2"]
[Round "1"]
1.d4 Ng8f6
2.c4 e6
3.Nb1c3 Bf8b4
4.e3 O-O
5.Bf1d3 d5
6.Ng1e2 c5
7.cxd5 cxd4
8.exd4 Nf6xd5
9.O-O Nb8c6
10.a3 Bb4d6
11.g3 h6
12.Bd3b1 Nd5f6
13.Nc3e4 Nf6xe4
14.Bb1xe4 Bc8d7
15.Rf1e1 Ra8c8
16.Qd1d3 Rf8e8
17.b4 b6
18.Bc1b2 Nc6e7
19.Ne2c3 Bd7c6
20.Be4xc6 Ne7xc6
21.Ra1d1 a5
22.bxa5 bxa5
23.Re1e4 Rc8b8
24.d5 exd5
25.Qd3xd5 Re8xe4
26.Qd5xe4 { draw }
1/2-1/2

[Event "1/128 Finale"]
[Site "www.chess-mail.com"]
[Date "2017.05.20"]
[Round "1"]
[White "Balbyns"]
[Black "Motorhead99"]
[WhiteElo "1930"]
[BlackElo "1740"]
[Result "0-1"]
[Round "1"]
1.e4 d6
2.d4 Ng8f6
3.Nb1c3 Nb8d7
4.Ng1f3 e5
5.d5 Bf8e7
6.Bf1e2 c6
7.Bc1g5 Qd8c7
8.O-O h6
9.Bg5e3 Nd7f8
10.h3 g5
11.Nf3d2 Nf8g6
12.dxc6 bxc6
13.b4 Ng6f4
14.Be3xf4 gxf4
15.Be2g4 Bc8xg4
16.hxg4 Rh8g8
17.g5 hxg5
18.Nd2f3 g4
19.Nf3h4 Nf6xe4
20.Nc3xe4 Be7xh4
21.Ne4xd6 Kf8
22.Nd6e4 Ra8d8
23.Qd1e2 Bh4e7
24.a3 f5
25.Ne4c5 Rg8g6
26.Qe2c4 Rd8d5
27.Ra1d1 Be7xc5
28.Rd1xd5 cxd5
29.Qc4xc5 Qc7xc5
30.bxc5 Rg6c6
31.Rf1b1 Rc6xc5
32.Rb1b8 Ke7
33.Rb8b7 Ke6
34.Rb7xa7 Rc5xc2
35.Ra7a6 Kd7
36.Ra6a7 Rc2c7
37.Ra7xc7 Kxc7
38.Kf1 d4
39.Ke2 e4
40.Kd2 Kb6
41.Kc2 Kb5
42.Kb3 d3
43.Kc3 Ka4
44.Kb2 e3
45.fxe3 fxe3
46.Kc3 d2
47.Kc2 Kxa3
48.g3 Kb4
49.Kd1 Kc3
50.Ke2 Kc2
{ resign }
0-1

[Event "Fast Game"]
[Site "www.echecsemail.com"]
[Date "2017.05.20"]
[Round "1"]
[White "Pellix84"]
[Black "Hennie4820"]
[WhiteElo "1660"]
[BlackElo "1620"]
[Result "1-0"]
[Round "1"]
1.d4 Ng8f6
2.c4 e6
3.a3 Bf8e7
4.Nb1c3 O-O
5.b4 d5
6.c5 c6
7.Bc1b2 Nb8d7
8.Ng1f3 Qd8c7
9.e3 Rf8e8
10.Bf1e2 Be7f8
11.O-O e5
12.h3 e4
13.Nf3h2 g6
14.b5 Bf8g7
15.a4 Re8f8
16.a5 a6
17.bxc6 bxc6
18.Qd1a4 Nf6e8
19.Bb2a3 f5
20.Ra1b1 Bg7f6
21.Qa4b4 Ne8g7
22.Nc3a4 Ng7e6
23.Rf1c1 Ra8b8
24.Na4b6 Nd7xb6
25.cxb6 Qc7d7
26.Qb4d6 Rb8b7
27.Be2xa6 Qd7xd6
28.Ba3xd6 Rf8f7
29.Ba6xb7 Bc8xb7
30.Nh2f1 Rf7d7
31.Bd6h2 Bb7a6
32.Rc1xc6 { resign }
1-0

[Event "Fast Game"]
[Site "www.echecsemail.com"]
[Date "2017.05.20"]
[Round "1"]
[White "Motorhead99"]
[Black "Thor1"]
[WhiteElo "1409"]
[BlackElo "1579"]
[Result "1-0"]
[Round "1"]
1.d4 e6
2.e3 d5
3.Bf1d3 Ng8f6
4.Nb1d2 Bf8b4
5.c3 Bb4d6
6.f4 g6
7.Ng1f3 Nf6h5
8.Nf3e5 Bd6xe5
9.fxe5 Qd8h4
10.Kf1 Nh5g3
11.Kg1 Ng3xh1
12.Kxh1 Nb8c6
13.Nd2f3 Qh4h5
14.e4 f5
15.exf5 exf5
16.Bc1e3 Rh8g8
17.Bd3e2 g5
18.Nf3xg5 Qh5g6
19.Be2h5 Qg6xh5
20.Qd1xh5 { resign }
1-0

[Event "Tourn. n9361"]
[Site "www.chess-mail.com"]
[Date "2017.05.21"]
[Round "1"]
[White "Ffdd65"]
[Black "Cjood"]
[WhiteElo "2140"]
[BlackElo "2050"]
[Result "1/2-1/2"]
[Round "1"]
1.e4 c5
2.c3 e6
3.d4 cxd4
4.cxd4 Bf8b4
5.Bc1d2 Bb4xd2
6.Nb1xd2 Nb8c6
7.Ng1f3 Qd8b6
8.Nd2b3 d6
9.Bf1e2 Qb6b4
10.Qd1d2 Qb4xd2
11.Nb3xd2 Ng8e7
12.Nd2c4 Kd7
13.O-O h6
14.Rf1d1 b5
15.Nc4e3 a6
16.Ne3c2 Bc8b7
17.e5 d5
18.b4 g5
19.Nf3d2 Ra8c8
20.Ra1c1 Ne7f5
21.Nd2b3 Ke7
22.Nb3c5 Rc8b8
23.Nc5xb7 Rb8xb7
24.g4 Nf5g7
25.Nc2e1 Nc6xb4
26.Rd1d2 a5
27.a3 Nb4a6
28.a4 Na6c7
29.Rd2c2 Ng7e8
30.Rc2c5 bxa4
31.Rc5xa5 f5
32.Ra5xa4 f4
33.Ne1c2 Rb7b2
34.Be2d3 Kf7
35.Nc2b4 Rb2d2
36.Ra4a2 Rd2xa2
37.Nb4xa2 Rh8f8
38.Na2b4 Kg7
{ draw }
1/2-1/2

[Event "Tourn. n9309"]
[Site "www.chess-mail.com"]
[Date "2017.05.21"]
[Round "1"]
[White "Sbb"]
[Black "Senitram"]
[WhiteElo "2510"]
[BlackElo "2670"]
[Result "1/2-1/2"]
[Round "1"]
1.d4 Ng8f6
2.Ng1f3 g6
3.g3 d5
4.Bf1g2 Bf8g7
5.O-O c6
6.a4 O-O
7.a5 Bc8f5
8.Bc1f4 h6
9.Nb1d2 Nb8d7
10.c3 g5
11.Bf4e5 Bf5h7
12.Qd1a4 g4
13.Nf3h4 Nd7xe5
14.dxe5 Nf6d7
15.e6 Nd7e5
16.f4 gxf3
17.Nd2xf3 Ne5xf3
18.Rf1xf3 fxe6
19.Rf3xf8 Kxf8
20.Ra1f1 Kg8
21.Bg2h3 Qd8d6
22.Qa4g4 e5
23.Nh4f5 Bh7xf5
24.Rf1xf5 b6
{ draw }
1/2-1/2

[Event "Tourn. n9321"]
[Site "www.chess-mail.com"]
[Date "2017.05.21"]
[Round "1"]
[White "Crull"]
[Black "Redabond"]
[WhiteElo "1830"]
[BlackElo "1670"]
[Result "1-0"]
[Round "1"]
1.d4 d5
2.c4 Ng8f6
3.Ng1f3 Bc8f5
4.Nb1c3 e6
5.a3 Nb8c6
6.Bc1f4 Bf8d6
7.Bf4xd6 Qd8xd6
8.e3 O-O
9.Bf1e2 e5
10.c5 Qd6d7
11.O-O exd4
12.exd4  { time }
1-0

[Event "Tourn. n9387"]
[Site "www.chess-mail.com"]
[Date "2017.05.21"]
[Round "1"]
[White "Bojan"]
[Black "Picifarkinca"]
[WhiteElo "2010"]
[BlackElo "2020"]
[Result "1-0"]
[Round "1"]
1.e4 c6
2.d4 d5
3.exd5 cxd5
4.a3 Bc8f5
5.Ng1f3 Qd8c7
6.Nb1c3 e6
7.g3 Ng8f6
8.Bc1f4 Qc7c8
9.Nf3h4 Bf5g6
10.f3 Nb8c6
11.Nh4xg6 hxg6
12.Nc3b5 a6
13.Nb5c7 Kd7
14.Nc7xa8 { resign }
1-0

[Event "Tourn. n9351"]
[Site "www.chess-mail.com"]
[Date "2017.05.21"]
[Round "1"]
[White "Cernunnoss"]
[Black "Francesco"]
[WhiteElo "2120"]
[BlackElo "2110"]
[Result "0-1"]
[Round "1"]
1.e4 c6
2.d4 d5
3.exd5 cxd5
4.c4 Ng8f6
5.Nb1c3 dxc4
6.Bf1xc4 Bc8f5
7.Ng1f3 e6
8.O-O Bf8e7
{ time. }
0-1

[Event "Tourn. n9310"]
[Site "www.chess-mail.com"]
[Date "2017.05.21"]
[Round "1"]
[White "Lucaschess"]
[Black "Picifarkinca"]
[WhiteElo "2070"]
[BlackElo "2080"]
[Result "0-1"]
[Round "1"]
1.e4 c5
2.Nb1c3 e6
3.f4 Nb8c6
4.Ng1f3 d6
5.Bf1b5 Qd8b6
6.d4 cxd4
7.Nf3xd4 Bc8d7
8.Nd4xc6 Bd7xc6
9.Qd1d3 Bc6xb5
10.Nc3xb5 a6
11.Nb5c3 Bf8e7
12.f5 Ng8f6
13.b3 Ra8c8
14.Bc1b2 O-O
15.fxe6 fxe6
16.O-O-O Nf6g4
17.Qd3h3 Qb6e3
18.Qh3xe3 Ng4xe3
19.Rd1g1 Rf8f2
20.Nc3d1 Ne3xd1
{ resign }
0-1

[Event "Tourn. n9320"]
[Site "www.chess-mail.com"]
[Date "2017.05.21"]
[Round "1"]
[White "Sorento"]
[Black "Andychesston"]
[WhiteElo "2060"]
[BlackElo "1990"]
[Result "1-0"]
[Round "1"]
1.e4 e5
2.Ng1f3 Nb8c6
3.Bf1c4 d6
4.d3 Bf8e7
5.h3 Nc6a5
6.Bc4b3 Na5xb3
7.axb3 Ng8f6
8.O-O O-O
9.Nb1c3 Bc8d7
10.Bc1e3 Kh8
11.Qd1d2 Nf6g8
12.d4 f6
13.Nc3d5 c6
14.Nd5xe7 Qd8xe7
15.dxe5 dxe5
16.Be3xa7 b5
17.b4 Qe7f7
18.Ba7c5 Rf8e8
19.Ra1a5 Ra8xa5
20.bxa5 Bd7e6
21.a6 Re8a8
22.a7 Qf7g6
23.Qd2d6 Be6xh3
24.Nf3e1 Bh3g4
25.Qd6xc6 Bg4e2
26.Qc6xa8 Be2xf1
27.Qa8xg8 Kxg8
28.a8Q Kf7
29.Qa8b7 { resign }
1-0

[Event "Tourn. n9091"]
[Site "www.chess-mail.com"]
[Date "2017.05.21"]
[Round "1"]
[White "Manolinex"]
[Black "Ejner"]
[WhiteElo "2890"]
[BlackElo "2410"]
[Result "1-0"]
[Round "1"]
1.e4 c5
2.Ng1f3 e6
3.d4 cxd4
4.Nf3xd4 Ng8f6
5.Nb1c3 Nb8c6
6.Nd4b5 d6
7.Bc1f4 e5
8.Bf4g5 a6
9.Nb5a3 b5
10.Bg5xf6 gxf6
11.Nc3d5 f5
12.Bf1d3 Bc8e6
13.c3 Bf8g7
14.Qd1h5 O-O
15.exf5 Be6xd5
16.f6 e4
17.fxg7 Rf8e8
18.Bd3e2 Re8e5
19.Qh5h6 b4
20.Na3c2 bxc3
21.bxc3 Bd5e6
22.Nc2e3 Qd8g5
23.Qh6xg5 Re5xg5
24.Kd2 Rg5a5
25.Rh1b1 Ra8b8
26.Rb1xb8 Nc6xb8
27.c4 Kxg7
28.Kc3 Nb8c6
29.a4 Kf6
30.f4 exf3
31.Be2xf3 Ra5c5
32.Ra1f1 Ke7
33.Bf3d5 Nc6e5
34.Rf1f4 Be6xd5
35.Ne3xd5 Ke6
36.Rf4f6 Kd7
37.Nd5e3 Ke7
38.Rf6f5 Ne5d7
39.Ne3d5 Kf8
40.g4 h6
41.h4 Kg7
42.Nd5e3 a5
43.Rf5f4 Nd7b6
44.Kd4 Nb6xa4
45.Ne3f5 Kg6
46.Nf5xd6 h5
47.g5 f5
48.Rf4f1 Rc5c7
49.Rf1xf5 { resign }
1-0

[Event "Tourn. n9318"]
[Site "www.chess-mail.com"]
[Date "2017.05.21"]
[Round "1"]
[White "Redapond1"]
[Black "Iko"]
[WhiteElo "1730"]
[BlackElo "1700"]
[Result "1-0"]
[Round "1"]
1.d4 d5
2.Bc1f4 Nb8c6
3.Nb1c3 Ng8f6
4.Nc3b5 Ra8b8
5.Bf4xc7 Qd8d7
6.Bc7xb8 a6
7.Nb5c3 Nc6xb8
8.e3 e6
9.Ng1f3 h5
10.Bf1d3 Qd7d6
11.O-O Rh8h6
12.Nf3e5 Nf6g4
13.h3 Ng4xe5
14.dxe5 Qd6xe5
15.Bd3e2 h4
16.Qd1d4 Bf8d6
17.Qd4xe5 Bd6xe5
18.e4 Nb8c6
19.exd5  { time }
1-0

[Event "Tourn. n9318"]
[Site "www.chess-mail.com"]
[Date "2017.05.21"]
[Round "1"]
[White "Cal"]
[Black "Crull"]
[WhiteElo "1710"]
[BlackElo "1800"]
[Result "1-0"]
[Round "1"]
1.c4 g6
2.d4 Bf8g7
3.Ng1f3 Ng8f6
4.Nb1c3 d5
5.c5 O-O
6.e3 Nb8d7
7.Bf1d3 Rf8e8
8.h3 e5
9.dxe5 Nd7xe5
10.Nf3d4 Ne5xd3
11.Qd1xd3 Bc8e6
12.a3 Nf6e4
13.O-O Qd8g5
14.Nc3e2 Be6xh3
15.Ne2f4 Ne4xc5
16.Qd3e2 Bg7xd4
17.Nf4xh3 Qg5e7
18.Ra1b1 Bd4g7
19.b4 Nc5a4
20.Rb1b3 d4
21.Qe2f3 d3
22.Rb3xd3 b6
23.Bc1d2 Na4b2
24.Rd3b3 Nb2c4
{ time. }
1-0

[Event "Tourn. n9302"]
[Site "www.chess-mail.com"]
[Date "2017.05.21"]
[Round "1"]
[White "Libiesse"]
[Black "Kevinking"]
[WhiteElo "1890"]
[BlackElo "1820"]
[Result "0-1"]
[Round "1"]
1.d4 Ng8f6
2.c4 e6
3.Ng1f3 Bf8b4
4.Bc1d2 Qd8e7
5.a3 Bb4xd2
6.Qd1xd2 b6
7.Nb1c3 a6
8.g3 Bc8b7
9.Bf1g2 d6
10.O-O Nb8d7
11.Rf1e1 O-O
12.e4 e5
13.d5 h6
14.Nf3h4 a5
15.a4 Nd7c5
16.Ra1a3 Bb7a6
17.Qd2e2 Ba6c8
18.Nc3b5 Kh7
19.f4 Bc8g4
20.Bg2f3 Bg4xf3
21.Nh4xf3 Nf6xe4
22.fxe5 dxe5
23.Nf3xe5 Ne4d6
24.Nb5xd6 cxd6
25.Qe2c2 Kg8
26.Ra3f3 { time. }
0-1

[Event "Tourn. n9127"]
[Site "www.chess-mail.com"]
[Date "2017.05.21"]
[Round "1"]
[White "Manolinex"]
[Black "Greghghs"]
[WhiteElo "2880"]
[BlackElo "2340"]
[Result "1-0"]
[Round "1"]
1.e4 e5
2.Ng1f3 Nb8c6
3.Bf1b5 Ng8f6
4.O-O Nf6xe4
5.Rf1e1 Ne4d6
6.Bb5xc6 dxc6
7.Nb1c3 Bf8e7
8.Nf3xe5 O-O
9.d3 Be7f6
10.Bc1f4 Rf8e8
11.Qd1d2 Bc8f5
12.Re1e2 Nd6b5
13.Nc3xb5 cxb5
14.Ra1e1 Bf5e6
15.h3 c5
16.Ne5g4 Bf6e7
17.Qd2e3 Ra8c8
18.Qe3g3 Be7h4
19.Qg3f3 b6
20.b3 Qd8d7
21.Bf4d2 Qd7c6
22.Re2e4 f5
23.Ng4h6 gxh6
24.Re4xh4 Qc6xf3
25.gxf3 Be6d5
26.Bd2e3 Bd5xf3
27.Kh2 Rc8c7
28.Rh4f4 Bf3b7
29.Rf4xf5 Rc7g7
30.Re1g1 Rg7xg1
31.Kxg1 Re8e6
32.Kf1 b4
33.Ke2 Kg7
34.f3 Re6g6
35.Kf2 Bb7c8
36.Rf5h5 Bc8d7
37.Be3f4 Rg6e6
38.Rh5d5 Re6e7
39.h4 Kf7
40.Rd5d6 Bd7e6
41.Bf4xh6 Re7d7
42.Rd6c6 Be6d5
43.Rc6c8 Ke6
44.Rc8e8 Rd7e7
45.Re8d8 Re7d7
46.Rd8h8 Rd7f7
47.f4 Kf5
48.Rh8d8 Bd5e6
49.Kf3 Kg6
50.Bh6g5 Be6d7
51.Rd8g8 Kh5
52.Ke4 Bd7h3
53.Rg8d8 Kg4
54.Rd8d6 Bh3g2
55.Ke5 Bg2f3
56.Bg5f6 Kg3
57.Ke6 { resign }
1-0

[Event "Tourn. n9361"]
[Site "www.chess-mail.com"]
[Date "2017.05.21"]
[Round "1"]
[White "Prize64"]
[Black "Ffdd65"]
[WhiteElo "2120"]
[BlackElo "2140"]
[Result "1-0"]
[Round "1"]
1.Ng1f3 d5
2.d4 e6
3.Bc1f4 Bf8d6
4.e3 Bd6xf4
5.exf4 Ng8f6
6.Nb1d2 Nb8c6
7.c3 Bc8d7
8.Nf3e5 O-O
9.Bf1d3 g6
10.g4 Nc6xe5
11.fxe5 Nf6e8
12.h4 f5
13.h5 Qd8g5
14.Nd2f3 Qg5e7
15.hxg6 hxg6
16.Qd1d2 Qe7g7
17.gxf5 exf5
18.Rh1h6 Kf7
19.Nf3g5 { resign }
1-0

[Event "Tourn. n9262"]
[Site "www.chess-mail.com"]
[Date "2017.05.21"]
[Round "1"]
[White "Norlavuaram"]
[Black "Ffdd65"]
[WhiteElo "2080"]
[BlackElo "2130"]
[Result "0-1"]
[Round "1"]
1.e4 e5
2.Ng1f3 d6
3.d4 exd4
4.Nf3xd4 Ng8f6
5.Bf1d3 Nf6g4
6.h3 Ng4e5
7.O-O Qd8h4
8.Nb1c3 g6
9.f4 Ne5xd3
10.Qd1xd3 Bc8d7
11.Bc1e3 Nb8c6
12.Ra1d1 a6
13.Nc3d5 Kd8
14.Nd4f3 Qh4h6
15.Rf1e1 Qh6g7
16.c3 f6
17.Be3d4 Nc6xd4
18.cxd4 Bd7e6
19.Nd5c3 Qg7f7
20.d5 Be6d7
21.e5 fxe5
22.fxe5 Qf7g7
23.e6 Bd7e8
24.a4 Bf8e7
25.Re1f1 g5
26.Qd3d2 h5
27.Nf3d4 Be8g6
28.Rf1f2 Rh8f8
29.Rd1f1 Be7f6
30.Nd4e2 Ke7
31.Kh1 h4
32.Qd2e3 Bg6h7
33.b4 b6
34.Rf2f3 Bf6xc3
35.Ne2xc3 Rf8xf3
36.Rf1xf3 Bh7g8
37.Kh2 Ra8f8
38.Rf3xf8 Kxf8
39.Nc3e2 Bg8h7
40.Ne2d4 Qg7e5
41.Qe3xe5 dxe5
42.Nd4e2 e4
43.Kg1 e3
44.Ne2c3 Bh7d3
45.b5 a5
46.d6 cxd6
47.Nc3d5 e2
48.Kf2 Bd3c4
49.Nd5xb6 Bc4xe6
50.Kxe2 Ke7
51.Kd3 d5
52.Kd4 Kd6
53.Nb6a8 Be6xh3
54.gxh3 g4
{ resign }
0-1

[Event "Match"]
[Site "www.echecsemail.com"]
[Date "2017.05.21"]
[Round "1"]
[White "Azocarwagner"]
[Black "Cal"]
[WhiteElo "1299"]
[BlackElo "1710"]
[Result "1-0"]
[Round "1"]
1.c4 e5
2.Nb1c3 Ng8f6
3.e4 a6
4.Ng1f3 d6
5.g3 Nb8c6
6.Bf1g2 Bc8g4
7.Qd1a4 b5
8.cxb5 axb5
9.Qa4xb5 Bg4xf3
10.Bg2xf3 Qd8d7
11.O-O Bf8e7
12.Nc3d5 Ra8a5
13.Qb5e2 Nc6d4
14.Qe2d3 O-O
15.b4 Ra5a4
16.Nd5xf6 Be7xf6
17.a3 c5
18.Bf3d1 Nd4e6
19.Bd1xa4 Ne6d4
20.Ba4xd7 Bf6g5
21.Qd3a6 Nd4b3
22.Ra1b1 Nb3d4
23.Qa6xd6 Nd4f3
24.Kg2 Nf3d4
25.Qd6xe5 Nd4e2
26.Qe5xg5 Ne2d4
27.Qg5xc5 { resign }
1-0

[Event "Match"]
[Site "www.echecsemail.com"]
[Date "2017.05.21"]
[Round "1"]
[White "Darknight"]
[Black "Llord"]
[WhiteElo "1780"]
[BlackElo "2020"]
[Result "0-1"]
[Round "1"]
1.e4 e5
2.Bf1c4 Ng8f6
3.d3 Nb8c6
4.a3 Bf8c5
5.h3 O-O
6.c3 d5
7.exd5 Nf6xd5
8.Qd1f3 Bc8e6
9.b4 Bc5b6
10.a4 a6
11.b5 axb5
12.Bc4xb5 Nc6a7
13.Bb5c4 c6
14.h4 Nd5f6
15.Qf3g3 Nf6h5
16.Qg3xe5 Nh5f6
17.Bc1g5 Bb6c7
18.Qe5e2 Rf8e8
19.Qe2c2 Be6xc4
20.Kd2 Nf6e4
21.Kc1 Bc4xd3
22.Qc2b2 Ne4xg5
23.Qb2d2 Bd3xb1
24.Qd2xd8 Ra8xd8
25.Ra1xb1 Re8e1
26.Kc2 Re1xb1
27.Kxb1 Ng5e4
28.Rh1h3 Ne4xf2
29.Rh3f3 Nf2g4
30.Ng1h3 Ng4e5
31.Rf3e3 Ne5c4
32.Re3e2 h6
33.Kc2 b5
34.axb5 Na7xb5
35.Nh3g1 Bc7a5
36.Re2e4 Nc4d2
37.Re4e5 Ba5xc3
38.Re5e7 Nd2c4
39.Kb3 Nc4d2
40.Kc2 Nd2c4
41.Re7b7 Nc4e3
42.Kb3 Ne3xg2
43.Rb7b6 Bc3d4
44.Rb6xc6 Bd4xg1
45.h5 Nb5d4
{ resign }
0-1

[Event "Match"]
[Site "www.echecsemail.com"]
[Date "2017.05.21"]
[Round "1"]
[White "Liencam2"]
[Black "Joseph1983"]
[WhiteElo "2340"]
[BlackElo "2190"]
[Result "0-1"]
[Round "1"]
1.e4 d6
2.d4 Ng8f6
3.Nb1c3 g6
4.Bc1g5 Bf8g7
5.Qd1d2 O-O
6.O-O-O c6
7.f3 Qd8c7
8.g4 Qc7a5
9.Kb1 b5
10.Nc3d5 Qa5xd2
11.Nd5xe7 Kh8
12.Rd1xd2 Bc8xg4
13.fxg4 Nf6xe4
14.Bf1g2 Ne4xg5
15.Ne7xc6 Nb8xc6
16.Bg2xc6 Ra8b8
17.h4 Ng5e6
18.Ng1f3 f5
19.gxf5 Rf8xf5
20.c3 b4
21.Kc2 bxc3
22.bxc3 Ne6f4
23.Bc6d7 Rf5a5
24.a4 Rb8d8
25.Bd7c6 Rd8c8
26.d5 Ra5c5
27.Nf3d4 Nf4xd5
28.Bc6xd5 Rc5xd5
29.Nd4b5 Rd5xd2
30.Kxd2 a6
31.Nb5xd6 Rc8d8
32.Kc2 Rd8xd6
{ resign }
0-1